|
|
|
|
| LEADER |
00627cam a2200157 7i4500 |
| 001 |
0000032495 |
| 005 |
20150706090000.0 |
| 020 |
0 |
0 |
|a 9789833196395
|
| 090 |
0 |
0 |
|a MAT 620.025
|b MAL
|
| 110 |
2 |
0 |
|a Malaysia External Trade Development Corporation (MATRADE)
|
| 245 |
1 |
0 |
|a Malaysia exporters of oil & gas and related products directory.
|
| 260 |
0 |
0 |
|a Kuala Lumpur:
|b Malaysia External Trade Development Corporation (MATRADE),
|c 2014.
|
| 300 |
# |
# |
|a 186 pages.
|
| 650 |
0 |
0 |
|a Petroleum industry and trade --
|z Malaysia
|
| 650 |
0 |
0 |
|a Gas industry and trade --
|z Malaysia
|
| 999 |
|
|
|a 0000035951
|b Directories
|c MATRADEs Collection
|e Business Information Centre
|